000 00465nam a22001697a 4500
003 OSt
005 20250716024429.0
008 250716b |||||||| |||| 00| 0 eng d
020 _a9781416569534
040 _aDWCL - Main lib
_cOC
082 _aFic. C743r 2008
100 _aConnolly, John
245 _aThe reapers/
_cJohn Connolly
260 _aNew York, NY :
_bPocket Star Books,
_cc2008.
300 _a[10], 515 pages ;
_c19 cm.
942 _2ddc
_cFIC.
_kFic.
_n0
999 _c3698
_d3698